00631cam a22002171 4500001001300000003000400013005001700017008004100034010001700075035002000092040003500112042001200147050001300159082001100172100003100183245007300214260003600287300003900323504003100362650002000393af 48000649 DLC20260227110844.0850419s1944 gw ah b 000 0 ger c aaf 48000649  a(OCoLC)11943540 aChicago. Univ. Libr.cCLUdDLC apremarc00aZ81b.M4 a653.471 aMentz, Arthur,d1882-1957.04aDie tironischen Noten,beine Geschichte der ròˆmischen Kurzschrift. a[Berlin]bW. de Gruyter,c1944. a256 p.billus., 3 facsims.c24 cm. aBibliographical footnotes. 0aTironian notes.